Ruling defends attribution conventions (Record no. 69786)
[ view plain ]
| 000 -LEADER | |
|---|---|
| fixed length control field | 00925cam a2200205 4500 |
| 001 - CONTROL NUMBER | |
| control field | WB3810-01 |
| 008 - FIXED-LENGTH DATA ELEMENTS--GENERAL INFORMATION | |
| fixed length control field | 020314n2002 000 0 eng u |
| 035 ## - SYSTEM CONTROL NUMBER | |
| System control number | (Sirsi) u117132 |
| 245 ## - TITLE STATEMENT | |
| Title | Ruling defends attribution conventions |
| 260 ## - PUBLICATION, DISTRIBUTION, ETC. | |
| Date of publication, distribution, etc. | 2002 |
| 490 ## - SERIES STATEMENT | |
| Series statement | Antiques Trade Gazette |
| Volume/sequential designation | (1530) 16 March 2002, 1-2(1) |
| 520 ## - SUMMARY, ETC. | |
| Summary, etc. | A High Court ruling has defended the conventions of attribution for paintings in a case between a disgruntled customer and Mayfair art dealers Agnew's. While the judge agreed that the painting sold to Mr Drake was not by Van Dyck, he dismissed Mr Drake's claim for a £1.5m refund because Agnew's had only expressed an opinion that it was, and Mr Drake had instead been misled by art agent Steven Callam. |
| 590 ## - LOCAL NOTE (RLIN) | |
| Local note | WB |
| 650 ## - SUBJECT ADDED ENTRY--TOPICAL TERM | |
| Topical term or geographic name entry element | CONVENTIONS OF ATTRIBUTION |
| 650 ## - SUBJECT ADDED ENTRY--TOPICAL TERM | |
| Topical term or geographic name entry element | AGNEWS |
| 650 ## - SUBJECT ADDED ENTRY--TOPICAL TERM | |
| Topical term or geographic name entry element | PAINTINGS |
| 650 ## - SUBJECT ADDED ENTRY--TOPICAL TERM | |
| Topical term or geographic name entry element | ART DEALER |
| 690 ## - LOCAL SUBJECT ADDED ENTRY--TOPICAL TERM (OCLC, RLIN) | |
| Topical term or geographic name as entry element | Arts and antiques |
| 9 (RLIN) | 6217 |
| 942 ## - ADDED ENTRY ELEMENTS (KOHA) | |
| Suppress in OPAC | 0 |
| Withdrawn status | Lost status | Source of classification or shelving scheme | Damaged status | Not for loan | Home library | Current library | Shelving location | Date acquired | Total Checkouts | Full call number | Barcode | Date last seen | Copy number | Price effective from | Koha item type |
|---|---|---|---|---|---|---|---|---|---|---|---|---|---|---|---|
| Dewey Decimal Classification | London | London | News article | 14/03/2002 | WB3810-01 | 117132-1001 | 06/08/2019 | 1 | 06/08/2019 | News article |